Obdachlosigkeit und AIDS. Zum Wissensstand bezüglich HIV/AIDS bei Berliner obdachlosen Erwachsenen

Gespeichert in:  
Bibliographische Detailangaben
VerfasserInnen: Hemme, Andreas (Verfasst von) ; Knuf, Thomas (Verfasst von) ; Kramer, Karlheinz (Verfasst von)
Medienart: Druck Aufsatz
Sprache:Deutsch
Veröffentlicht: 1992
In: Gefährdetenhilfe
Jahr: 1992, Band: 34, Heft: 4, Seiten: 93-95
Verfügbarkeit prüfen: HBZ Gateway
Schlagwörter:

MARC

LEADER 00000caa a22000002c 4500
001 1640236716
003 DE-627
005 20220608131443.0
007 tu
008 160223s1992 xx ||||| 00| ||ger c
035 |a (DE-627)1640236716 
035 |a (DE-576)456090983 
035 |a (DE-599)BSZ456090983 
040 |a DE-627  |b ger  |c DE-627  |e rakwb 
041 |a ger 
100 1 |a Hemme, Andreas  |4 aut 
245 1 0 |a Obdachlosigkeit und AIDS. Zum Wissensstand bezüglich HIV/AIDS bei Berliner obdachlosen Erwachsenen  |c Andreas Hemme, Thomas Knuf, Karlheinz Kramer 
264 1 |c 1992 
336 |a Text  |b txt  |2 rdacontent 
337 |a ohne Hilfsmittel zu benutzen  |b n  |2 rdamedia 
338 |a Band  |b nc  |2 rdacarrier 
700 1 |a Knuf, Thomas  |4 aut 
700 1 |a Kramer, Karlheinz  |4 aut 
773 0 8 |i In  |t Gefährdetenhilfe  |d Bielefeld : Verl. Soziale Hilfe, 1969  |g 34(1992), 4, Seite 93-95  |w (DE-627)129301051  |w (DE-600)123080-3  |w (DE-576)014493772  |x 0016-5794  |7 nnas 
773 1 8 |g volume:34  |g year:1992  |g number:4  |g pages:93-95 
935 |a mkri 
951 |a AR 
ELC |b 1 
LOK |0 000 xxxxxcx a22 zn 4500 
LOK |0 001 3301705189 
LOK |0 003 DE-627 
LOK |0 004 1640236716 
LOK |0 005 20160223101432 
LOK |0 008 160208||||||||||||||||ger||||||| 
LOK |0 040   |a DE-21-110  |c DE-627  |d DE-21-110 
LOK |0 689   |a s  |a Delinquenz 
LOK |0 689   |a s  |a Intelligenz 
LOK |0 852   |z Kein Bestand am IfK; Nachweis für KrimDok 
LOK |0 852   |a DE-21-110 
LOK |0 852 1  |m v  |9 00 
LOK |0 935   |a k110 
LOK |0 938   |k v 
LOK |0 939   |a 08-02-16  |b l01 
ORI |a SA-MARC-krimdoka001.raw